Statistiques concernant Pays déjà envahis par la France!

Cliquez ici pour prendre le quiz!

Statistiques générales

  • Ce quiz a été pris 103 fois
  • Le résultat moyen est 70 sur 97

Statistiques - réponses

FaçonRéponse% Correct
Russie
98%
Algérie
96%
Allemagne
96%
Italie
96%
Maroc
95%
Canada
94%
États-Unis
94%
Bélgique
93%
Tunisie
93%
Chine
92%
Espagne
92%
Mali
90%
Turquie
90%
Pologne
89%
Royaume Uni
88%
Suède
88%
Grèce
87%
Méxique
87%
Portugal
87%
Andorre
86%
Egypt
86%
Autriche
85%
Monaco
85%
Norvège
85%
Pays-Bas
85%
Slovénie
85%
2Brésil
83%
Finlande
83%
Inde
83%
Japon
83%
Slovaquie
83%
Viêt Nam
83%
Libye
82%
Luxembourg
82%
Suisse
82%
Danemark
81%
Serbie
80%
Laos
79%
Sénégal
79%
Ukraine
79%
Bielorussie
77%
Cambodge
77%
Croatie
77%
Estonie
77%
Hongrie
77%
Lituanie
77%
Mauritanie
77%
Lettonie
76%
Liban
76%
Niger
76%
Vatican
76%
Albanie
75%
République du Congo
75%
Saint-Marin
74%
Syrie
74%
3Irlande
73%
Bosnie-Herzégovine
71%
Guinée
71%
Liechtenstein
70%
Côte d'Ivoire
69%
Israel
69%
Roumanie
69%
Soudan
69%
Bénin
68%
Togo
68%
Haiti
67%
Madagascar
67%
Thailande
67%
Bulgarie
64%
Cameroun
63%
Islande
63%
1Afghanistan
62%
Azerbaidjan
62%
Burkina Faso
62%
Tchad
62%
Arménie
61%
Indonésie
61%
Geórgie
60%
Moldavie
60%
Corée du Sud
57%
Soudan du Sud
57%
Tchéquie
57%
Gabon
56%
Corée du Nord
54%
Djibouti
54%
République Centrafricaine
52%
République Dominicaine
51%
Kazakhstan
49%
Taiwan
46%
Mongolie
43%
Turkménistan
42%
Ouzbékistan
40%
Tadjikistan
40%
Kirghizistan
38%
Cap Vert
36%
Yémen
36%
Iraq
7%

Distribution des résultats

Percentile par nombre de réponses

% des personnes avec chaque résultat

Votre développement - résultats

Vous n’avez pas pris ce quiz